[Event "V Floripa Open 2019"]
[Site "Florianopolis"]
[Date "2019.01.21"]
[Round "1.30"]
[White "Sanchez, Ivan Roberto"]
[Black "Villalba, Marcelo"]
[Result "0-1"]
[WhiteElo "1703"]
[BlackElo "2276"]
[PlyCount "96"]
[EventDate "2019.01.21"]
[EventType "swiss"]
[EventRounds "10"]
[EventCountry "BRA"]

1. d4 Nf6 2. c4 g6 3. Nc3 Bg7 4. e4 O-O 5. e5 Ne8 6. Nf3 d6 7. Be2 dxe5 8. dxe5 Qxd1+ 9. Bxd1 Nc6 10. O-O Nxe5 11. Nxe5 Bxe5 12. Re1 Bxc3 13. bxc3 Be6 14. Ba3 Nd6 15. c5 Nc4 16. Bc1 Rfd8 17. Bb3 Rd3 18. Bf4 Rxc3 19. Bxc7 Rc8 20. Bf4 Rxc5 21. Rad1 g5 22. Rd8+ Kg7 23. Bg3 Rc8 24. Rxc8 Bxc8 25. f4 gxf4 26. Bxf4 Be6 27. Bb8 a6 28. Ba7 Kf8 29. Rd1 Nd6 30. Bxe6 fxe6 31. Bd4 Rc2 32. Rf1+ Ke8 33. a4 Rc4 34. Ba1 Rxa4 35. Rb1 b5 36. Bc3 Rc4 37. Ba5 Ra4 38. Bb4 Nc4 39. Be1 Ra2 40. h3 h5 41. Kh2 Ne3 42. Kg3 Nxg2 43. Bf2 Nf4 44. Be3 Nd5 45. Bc5 Rc2 46. Bd4 Rc4 47. Ba1 b4 48. Re1 Kd7 0-1

[Event "V Floripa Open 2019"]
[Site "Florianopolis"]
[Date "2019.01.21"]
[Round "1.31"]
[White "Jodorcovsky Werjivker, Paulo"]
[Black "Masselli, Eduardo"]
[Result "1-0"]
[WhiteElo "2259"]
[BlackElo "1700"]
[PlyCount "63"]
[EventDate "2019.01.21"]
[EventType "swiss"]
[EventRounds "10"]
[EventCountry "BRA"]

1. d4 d5 2. c4 e6 3. Nc3 Nf6 4. cxd5 exd5 5. Bg5 Be7 6. e3 O-O 7. Bd3 Nbd7 8. Nge2 c6 9. Qc2 Re8 10. O-O h6 11. Bf4 Nf8 12. h3 Bd6 13. Rad1 Ne6 14. Bxd6 Qxd6 15. Ng3 Ng5 16. a3 Rxe3 17. fxe3 Qxg3 18. Bf5 Bxf5 19. Qxf5 Qxe3+ 20. Kh2 Nge4 21. Nxe4 Qxe4 22. Qf2 Re8 23. Rde1 Qg6 24. Rxe8+ Nxe8 25. Kg1 Nf6 26. Qf4 Qe4 27. Qb8+ Kh7 28. Qe5 Kg6 29. Re1 Qh4 30. Re3 Ne4 31. Rf3 Nf6 32. Qf5# 1-0

[Event "V Floripa Open 2019"]
[Site "Florianopolis"]
[Date "2019.01.21"]
[Round "1.32"]
[White "Soares, Gustavo Henrique"]
[Black "Pereira, Silvio Cunha"]
[Result "0-1"]
[WhiteElo "1698"]
[BlackElo "2258"]
[PlyCount "45"]
[EventDate "2019.01.21"]
[EventType "swiss"]
[EventRounds "10"]
[EventCountry "BRA"]

1. d4 Nf6 2. Bg5 d5 3. Bxf6 exf6 4. e3 Bd6 5. g3 h5 6. Bg2 h4 7. gxh4 Rxh4 8. h3 c6 9. Nd2 f5 10. Ngf3 Rh6 11. Ne5 Qe7 12. Ndf3 f4 13. Qe2 fxe3 14. fxe3 Nd7 15. Nxd7 Bg3+ 16. Kd2 Bxd7 17. Rhg1 O-O-O 18. Bf1 Qb4+ 19. Kc1 Qd6 20. Ng5 Rf6 21. Nf3 Re8 22. Ne5 Re7 23. Qd1 0-1

[Event "V Floripa Open 2019"]
[Site "Florianopolis"]
[Date "2019.01.21"]
[Round "1.33"]
[White "Matsuura, Frederico"]
[Black "Arndt, Claudio Felipe"]
[Result "1-0"]
[WhiteElo "2248"]
[BlackElo "1693"]
[PlyCount "55"]
[EventDate "2019.01.21"]
[EventType "swiss"]
[EventRounds "10"]
[EventCountry "BRA"]

1. d4 Nf6 2. c4 c5 3. d5 b5 4. Nf3 d6 5. a4 bxc4 6. Nc3 g6 7. e4 Bg7 8. Nd2 O-O 9. Nxc4 Na6 10. Be2 Nd7 11. O-O Ne5 12. Ne3 Nb4 13. f4 Nd7 14. Kh1 Ba6 15. Bxa6 Nxa6 16. Ra3 Qa5 17. Nc4 Qb4 18. Qe2 Nb6 19. Nd2 c4 20. a5 Nd7 21. Ra4 Qb7 22. Rxc4 Rfc8 23. Nf3 Ndc5 24. e5 Rab8 25. f5 Qc7 26. e6 fxe6 27. fxg6 hxg6 28. Qc2 1-0

[Event "V Floripa Open 2019"]
[Site "Florianopolis"]
[Date "2019.01.21"]
[Round "1.34"]
[White "Maciel, Felipe Eduardo Ribe"]
[Black "Miguel, Gabriel Carvalho Mo"]
[Result "0-1"]
[WhiteElo "1688"]
[BlackElo "2246"]
[PlyCount "78"]
[EventDate "2019.01.21"]
[EventType "swiss"]
[EventRounds "10"]
[EventCountry "BRA"]

1. e4 c5 2. Nf3 e6 3. d4 cxd4 4. Nxd4 Nc6 5. Nc3 Qc7 6. Nb3 a6 7. Be2 Nf6 8. Bg5 Bb4 9. Bxf6 gxf6 10. O-O b6 11. Qd3 Bb7 12. Rad1 Rc8 13. Nd5 exd5 14. exd5 Ne5 15. Qf5 Be7 16. Rfe1 Qxc2 17. Bd3 Qxb2 18. f4 Bxd5 19. Re2 Be6 20. Qxe6 Qxe2 21. Qxe7+ Kxe7 22. Bxe2 Nc6 23. Bxa6 Ra8 24. Bb5 Rxa2 25. Nd4 Nxd4 26. Rxd4 Rd8 27. Bd3 h6 28. Rb4 Rb8 29. h3 d5 30. Bb5 Kd6 31. Rb1 Rba8 32. Kh2 Ra1 33. Rb2 R8a2 34. Rb3 Ra3 35. Rb2 R1a2 36. Rb1 Rc3 37. Be8 Ke7 38. Re1+ Kf8 39. Bb5 Ra8 0-1

[Event "V Floripa Open 2019"]
[Site "Florianopolis"]
[Date "2019.01.21"]
[Round "1.35"]
[White "Gauche, Charles"]
[Black "Pereira, Cristiano Alves"]
[Result "1/2-1/2"]
[WhiteElo "2241"]
[BlackElo "1687"]
[PlyCount "64"]
[EventDate "2019.01.21"]
[EventType "swiss"]
[EventRounds "10"]
[EventCountry "BRA"]

1. e4 e5 2. Nf3 Nc6 3. Bc4 Bc5 4. c3 Nf6 5. d3 h6 6. b4 Bd6 7. O-O Ne7 8. d4 Ng6 9. Re1 O-O 10. Bb3 Kh7 11. dxe5 Bxe5 12. Nxe5 Nxe5 13. f4 Ng6 14. e5 Ng8 15. f5 Nh8 16. f6 gxf6 17. Bc2+ f5 18. Bxf5+ Ng6 19. Qh5 d6 20. e6 Qf6 21. exf7 Rxf7 22. Bxg6+ Qxg6 23. Qxg6+ Kxg6 24. Re8 Nf6 25. Rh8 Rh7 26. Rf8 Kg7 27. Rd8 Kf7 28. Be3 Ke7 29. Bd4 Kxd8 30. Bxf6+ Kd7 31. Nd2 b6 32. a4 Bb7 1/2-1/2

[Event "V Floripa Open 2019"]
[Site "Florianopolis"]
[Date "2019.01.21"]
[Round "1.36"]
[White "Santos Neto, Amazonas"]
[Black "Guimaraes, Wagner Peixoto"]
[Result "1-0"]
[WhiteElo "1682"]
[BlackElo "2240"]
[PlyCount "75"]
[EventDate "2019.01.21"]
[EventType "swiss"]
[EventRounds "10"]
[EventCountry "BRA"]

1. c4 Nf6 2. g3 g6 3. Bg2 d5 4. cxd5 Nxd5 5. Qb3 Nb6 6. Nc3 Nc6 7. e3 Bg7 8. d4 O-O 9. Nge2 e5 10. d5 Na5 11. Qb5 Nac4 12. b3 Bd7 13. Qc5 Nd6 14. Ba3 a5 15. Rc1 Nbc4 16. Nb5 Bxb5 17. bxc4 b6 18. Qxd6 cxd6 19. cxb5 f5 20. O-O f4 21. exf4 exf4 22. Nxf4 Rxf4 23. gxf4 Bh6 24. Rc4 Qd7 25. Re1 Rf8 26. Bc1 Qxb5 27. Rc7 Bxf4 28. Ree7 Be5 29. Bh3 Bxh2+ 30. Kxh2 Rxf2+ 31. Kg3 Rf3+ 32. Kxf3 Qxd5+ 33. Kg3 Qd3+ 34. Be3 Kf8 35. Rf7+ Ke8 36. Kf2 Qd5 37. Rce7+ Kd8 38. Bxb6# 1-0

[Event "V Floripa Open 2019"]
[Site "Florianopolis"]
[Date "2019.01.21"]
[Round "1.37"]
[White "Muniz, Rafael"]
[Black "Da Silva, Esequiel Luis Melo"]
[Result "1-0"]
[WhiteElo "2236"]
[BlackElo "1680"]
[PlyCount "33"]
[EventDate "2019.01.21"]
[EventType "swiss"]
[EventRounds "10"]
[EventCountry "BRA"]

1. e4 d5 2. exd5 Qxd5 3. Nc3 Qd8 4. d4 e6 5. Nf3 Nf6 6. Bg5 Be7 7. Bd3 O-O 8. Qe2 c6 9. h4 Re8 10. O-O-O Nbd7 11. Ne5 Qa5 12. Rh3 Nd5 13. Bxh7+ Kf8 14. Nxd5 exd5 15. Bxe7+ Kxe7 16. Re3 Nxe5 17. Rxe5+ 1-0

[Event "V Floripa Open 2019"]
[Site "Florianopolis"]
[Date "2019.01.21"]
[Round "1.38"]
[White "Lara, Diego Costa"]
[Black "Cruz, William Ferreira Da"]
[Result "0-1"]
[WhiteElo "1678"]
[BlackElo "2232"]
[PlyCount "104"]
[EventDate "2019.01.21"]
[EventType "swiss"]
[EventRounds "10"]
[EventCountry "BRA"]

1. d4 Nf6 2. c4 g6 3. Nc3 Bg7 4. e4 d6 5. Bd3 O-O 6. Nge2 e5 7. d5 Na6 8. O-O Nc5 9. f4 exf4 10. Bxf4 Re8 11. Qc2 Qe7 12. Ng3 Ng4 13. Nge2 Ne5 14. Bxe5 Bxe5 15. b4 Nd7 16. Rac1 Nf6 17. h3 Nh5 18. Rf3 a5 19. b5 b6 20. Rcf1 Rf8 21. a4 Bd7 22. Na2 g5 23. g4 Nf4 24. Nxf4 Bxf4 25. Nc1 f6 26. Ne2 Be5 27. Ng3 Rf7 28. Nf5 Bxf5 29. Rxf5 Re8 30. R5f3 h5 31. Qg2 Rh7 32. gxh5 Rxh5 33. Qg4 Rh4 34. Qf5 Qg7 35. Kh1 Kh8 36. Rg1 Qh6 37. Bf1 g4 38. Rxg4 Rxg4 39. Qxg4 Rg8 40. Qf5 Bd4 41. Qf4 Rg1+ 42. Kh2 Be5 43. Qxe5 dxe5 44. Kxg1 Kg7 45. Rg3+ Kf8 46. Be2 Qd2 47. Kf1 Qc2 48. Bd3 Qxa4 49. h4 Qd1+ 50. Kg2 a4 51. Rf3 a3 52. Rxf6+ Kg7 0-1

[Event "V Floripa Open 2019"]
[Site "Florianopolis"]
[Date "2019.01.21"]
[Round "1.39"]
[White "Teixeira, Ricardo da Silva"]
[Black "Gomes, Marco Tulio Caldeir"]
[Result "1-0"]
[WhiteElo "2228"]
[BlackElo "1678"]
[PlyCount "33"]
[EventDate "2019.01.21"]
[EventType "swiss"]
[EventRounds "10"]
[EventCountry "BRA"]

1. Nf3 Nf6 2. c4 e6 3. Nc3 Be7 4. e4 d6 5. d4 Nbd7 6. Bf4 b6 7. e5 Nh5 8. Be3 g6 9. g4 Ng7 10. Bh6 Rg8 11. Bg2 Bb7 12. Qd2 a5 13. O-O-O a4 14. d5 Nc5 15. h4 Qd7 16. Ng5 Bxg5 17. Bxg5 1-0

[Event "V Floripa Open 2019"]
[Site "Florianopolis"]
[Date "2019.01.21"]
[Round "1.41"]
[White "Campelo, Leandro Fabricio"]
[Black "Cezar, Ricardo De Almeida"]
[Result "1-0"]
[WhiteElo "2201"]
[BlackElo "1675"]
[PlyCount "48"]
[EventDate "2019.01.21"]
[EventType "swiss"]
[EventRounds "10"]
[EventCountry "BRA"]

1. e4 c5 2. Nf3 d6 3. d4 cxd4 4. Nxd4 Nf6 5. Nc3 a6 6. Rg1 e5 7. Nb3 Be6 8. g4 d5 9. exd5 Nxd5 10. Nxd5 Bxd5 11. Be3 Nc6 12. Qe2 Qf6 13. Rg3 O-O-O 14. O-O-O Qe6 15. g5 Kb8 16. Bh3 Be4 17. Rxd8+ Nxd8 18. Qe1 Qc6 19. Na5 Qb5 20. Nc4 Qxc4 21. Kb1 Ne6 22. Qa5 Nc5 23. Qd8+ Ka7 24. b3 Qc3 1-0

[Event "V Floripa Open 2019"]
[Site "Florianopolis"]
[Date "2019.01.21"]
[Round "1.42"]
[White "Da Rosa, Henrique Jaze Simoe"]
[Black "Burgos, Marcelo Alves"]
[Result "0-1"]
[WhiteElo "1675"]
[BlackElo "2198"]
[PlyCount "66"]
[EventDate "2019.01.21"]
[EventType "swiss"]
[EventRounds "10"]
[EventCountry "BRA"]

1. Nf3 Nf6 2. c4 g6 3. g3 Bg7 4. Bg2 O-O 5. O-O d6 6. d4 c6 7. Nc3 Qa5 8. e4 Bg4 9. h3 Bxf3 10. Bxf3 Nbd7 11. Bg2 e5 12. Be3 Nb6 13. Qd3 Nfd7 14. b3 exd4 15. Bxd4 Ne5 16. Qd2 c5 17. Bxe5 Bxe5 18. Rac1 a6 19. Rfd1 Nc8 20. Nd5 Qd8 21. Ne3 Ne7 22. Ng4 Nc6 23. Qd5 Qe7 24. Ne3 Nd4 25. Rd2 Rab8 26. f4 Bg7 27. Ng4 h5 28. Nf2 Qe6 29. Qg5 b5 30. Qd5 Rfe8 31. Nd3 Qxd5 32. exd5 Ne2+ 33. Kf2 Bd4+ 0-1

[Event "V Floripa Open 2019"]
[Site "Florianopolis"]
[Date "2019.01.21"]
[Round "1.43"]
[White "Nery Junior, Jose Antonio"]
[Black "Da Silva Junior, Marco Aurelio"]
[Result "1-0"]
[WhiteElo "2188"]
[BlackElo "1672"]
[PlyCount "45"]
[EventDate "2019.01.21"]
[EventType "swiss"]
[EventRounds "10"]
[EventCountry "BRA"]

1. e4 c5 2. Nf3 e6 3. d4 cxd4 4. Nxd4 a6 5. Bd3 Nc6 6. Nxc6 dxc6 7. O-O Be7 8. e5 Qc7 9. Re1 Bc5 10. Qg4 f6 11. Bxh7 f5 12. Qg3 Nh6 13. Bxh6 gxh6 14. Bg6+ Kf8 15. Bh5 Rg8 16. Qf4 Qg7 17. Bf3 Bd7 18. Nc3 Re8 19. Rad1 Bc8 20. h4 Bb6 21. Ne4 Bc7 22. Ng3 Bd8 23. Bh5 1-0

[Event "V Floripa Open 2019"]
[Site "Florianopolis"]
[Date "2019.01.21"]
[Round "1.44"]
[White "Tasoko, Toshinobu"]
[Black "Librelato, Kathie Goulart"]
[Result "0-1"]
[WhiteElo "1668"]
[BlackElo "2187"]
[PlyCount "36"]
[EventDate "2019.01.21"]
[EventType "swiss"]
[EventRounds "10"]
[EventCountry "BRA"]

1. e4 e5 2. Nf3 Nc6 3. d4 exd4 4. Nxd4 Nf6 5. Nc3 Bb4 6. f3 O-O 7. Bg5 h6 8. Bh4 Re8 9. Bc4 Nxe4 10. O-O Nxc3 11. bxc3 Qxh4 12. Bxf7+ Kxf7 13. Nf5 Bc5+ 14. Kh1 Qc4 15. f4 Qe6 16. Qh5+ Qg6 17. Nxh6+ gxh6 18. Qxc5 d6 0-1

[Event "V Floripa Open 2019"]
[Site "Florianopolis"]
[Date "2019.01.21"]
[Round "1.45"]
[White "Barbosa, Fernando"]
[Black "Eger, Laura Luisa"]
[Result "1-0"]
[WhiteElo "2182"]
[BlackElo "1662"]
[PlyCount "52"]
[EventDate "2019.01.21"]
[EventType "swiss"]
[EventRounds "10"]
[EventCountry "BRA"]

1. e4 e5 2. Nf3 Nc6 3. d4 exd4 4. Bc4 Bc5 5. c3 dxc3 6. Bxf7+ Kxf7 7. Qd5+ Kf8 8. Qxc5+ d6 9. Qxc3 Nf6 10. Nbd2 Be6 11. b4 h6 12. O-O Kf7 13. b5 Ne7 14. Nd4 Qc8 15. f4 Rf8 16. Bb2 Kg8 17. a4 Qd7 18. Rad1 Bf7 19. e5 dxe5 20. fxe5 Nfd5 21. e6 Bxe6 22. Qg3 Bg4 23. h3 Bh5 24. Ne6 Ng6 25. Nxg7 Rxf1+ 26. Rxf1 Rd8 1-0

[Event "V Floripa Open 2019"]
[Site "Florianopolis"]
[Date "2019.01.21"]
[Round "1.46"]
[White "Dos Anjos, Diovana Ferreira"]
[Black "Bueno, Alfeu Junior Varela"]
[Result "0-1"]
[WhiteElo "1660"]
[BlackElo "2179"]
[PlyCount "86"]
[EventDate "2019.01.21"]
[EventType "swiss"]
[EventRounds "10"]
[EventCountry "BRA"]

1. e4 e6 2. d4 d5 3. Nd2 Nf6 4. e5 Nfd7 5. f4 c5 6. Ngf3 Nc6 7. c3 cxd4 8. cxd4 Qb6 9. Nb3 a5 10. a4 Bb4+ 11. Kf2 f6 12. Be3 O-O 13. Bb5 Ndb8 14. g4 Bd7 15. h4 Ne7 16. Bd3 f5 17. g5 Na6 18. Qe2 Qd8 19. Rhc1 Qe8 20. Nfd2 Nc6 21. Nb1 Na7 22. Nc3 Bxc3 23. bxc3 Bxa4 24. Nxa5 b6 25. Bxa6 bxa5 26. c4 Bb3 27. cxd5 Bxd5 28. Bc4 Bxc4 29. Rxc4 Nc6 30. Rca4 Qd7 31. Qc4 Rfc8 32. Qb5 Rab8 33. Qe2 Nb4 34. Kg3 Rc3 35. R4a3 Qxd4 36. Rd1 Qc5 37. Kf2 Qc7 38. Rxc3 Qxc3 39. Kf1 Nd5 40. Rd3 Rb1+ 41. Kf2 Qc4 42. Kg3 Rb3 43. Qh5 g6 0-1

[Event "V Floripa Open 2019"]
[Site "Florianopolis"]
[Date "2019.01.21"]
[Round "1.47"]
[White "Viana, Dirceu"]
[Black "Szuba, Joao Gabriel Muniz"]
[Result "1-0"]
[WhiteElo "2173"]
[BlackElo "1659"]
[PlyCount "57"]
[EventDate "2019.01.21"]
[EventType "swiss"]
[EventRounds "10"]
[EventCountry "BRA"]

1. e4 e5 2. Nc3 Nf6 3. Bc4 Bc5 4. d3 d6 5. Na4 Nbd7 6. Nxc5 Nxc5 7. f4 Be6 8. Bxe6 Nxe6 9. fxe5 dxe5 10. Nf3 O-O 11. O-O Nd7 12. Be3 c5 13. Qd2 Qe7 14. Qf2 Rfd8 15. Nh4 Ndf8 16. Nf5 Qc7 17. Qg3 f6 18. Rf2 Kh8 19. Raf1 Ng6 20. b3 b5 21. Qg4 Ngf8 22. h4 Rd7 23. h5 h6 24. Rf3 Nd4 25. Rg3 Nfe6 26. Nxh6 gxh6 27. Rxf6 Rh7 28. c3 Qe7 29. Rg6 1-0

[Event "V Floripa Open 2019"]
[Site "Florianopolis"]
[Date "2019.01.21"]
[Round "1.48"]
[White "Teramoto, Anderson"]
[Black "Januario, Severino Pereira"]
[Result "1/2-1/2"]
[WhiteElo "1659"]
[BlackElo "2173"]
[PlyCount "124"]
[EventDate "2019.01.21"]
[EventType "swiss"]
[EventRounds "10"]
[EventCountry "BRA"]

1. d4 Nf6 2. c4 g6 3. Nc3 d5 4. e3 Bg7 5. Nf3 O-O 6. Bd3 c5 7. O-O cxd4 8. exd4 dxc4 9. Bxc4 Qc7 10. Bb3 Nc6 11. Be3 Na5 12. Rc1 Nxb3 13. Qxb3 Qd8 14. h3 b6 15. Rfd1 e6 16. Bg5 Bb7 17. Ne5 Rc8 18. a4 h6 19. Be3 Nd5 20. Nb5 Rxc1 21. Rxc1 Nxe3 22. Qxe3 Qd5 23. f3 a6 24. Na3 Qd6 25. Nac4 Qb4 26. Qa3 Qxa3 27. Nxa3 Rc8 28. Rxc8+ Bxc8 29. Nac4 b5 30. axb5 axb5 31. Nd6 Bxe5 32. dxe5 Bd7 33. Kf2 Kf8 34. Ke3 Ke7 35. Kd4 g5 36. g3 Bc6 37. f4 f6 38. Kc5 Bg2 39. h4 Bf1 40. Nxb5 fxe5 41. fxe5 Kf7 42. Nd4 gxh4 43. gxh4 Kg6 44. Nxe6 Kf5 45. Kd6 Kg4 46. Ng7 Kxh4 47. Ke6 Kg5 48. Kf7 Kf4 49. Kf6 Ke4 50. e6 Kd5 51. e7 Bb5 52. Kg6 Kc4 53. Kxh6 Kb3 54. Kg6 Kxb2 55. Kf6 Kc3 56. Ke6 Kd4 57. Nh5 Kc5 58. Nf6 Bc4+ 59. Kd7 Bf7 60. Ne8 Kd4 61. Nc7 Ke5 62. Nb5 Bh5 1/2-1/2

[Event "V Floripa Open 2019"]
[Site "Florianopolis"]
[Date "2019.01.21"]
[Round "1.49"]
[White "Borges, Guilherme Deola"]
[Black "Da Silva, Matheus Lopes"]
[Result "1-0"]
[WhiteElo "2171"]
[BlackElo "1653"]
[PlyCount "71"]
[EventDate "2019.01.21"]
[EventType "swiss"]
[EventRounds "10"]
[EventCountry "BRA"]

1. d4 d5 2. c4 e6 3. Nc3 Nf6 4. cxd5 exd5 5. Bg5 Be7 6. e3 O-O 7. Bd3 c6 8. Qc2 h6 9. Bh4 Be6 10. Nge2 Nh5 11. Bxe7 Qxe7 12. O-O-O a5 13. h3 Na6 14. g4 Nb4 15. Qd2 Nxd3+ 16. Qxd3 Nf6 17. f3 b5 18. h4 a4 19. Nf4 Bxg4 20. fxg4 Nxg4 21. Qe2 Qxe3+ 22. Qxe3 Nxe3 23. Rdg1 Rae8 24. Nh5 Re6 25. Nxg7 Rg6 26. Ne6 Re8 27. Nf4 Rxg1+ 28. Rxg1+ Kh8 29. Re1 Re7 30. Nd3 Nf5 31. Rxe7 Nxe7 32. Ne5 f6 33. Nf3 Kg7 34. Ne2 Kg6 35. Ng3 Nf5 36. h5+ 1-0

[Event "V Floripa Open 2019"]
[Site "Florianopolis"]
[Date "2019.01.21"]
[Round "1.50"]
[White "Nasario, Rafael"]
[Black "Zampronha, Wladimir Camilo"]
[Result "0-1"]
[WhiteElo "1652"]
[BlackElo "2171"]
[PlyCount "84"]
[EventDate "2019.01.21"]
[EventType "swiss"]
[EventRounds "10"]
[EventCountry "BRA"]

1. d4 Nf6 2. Nf3 c5 3. Bf4 cxd4 4. Nxd4 d6 5. Nb3 e5 6. Bg5 Be7 7. Nc3 Nbd7 8. e4 a6 9. a4 b6 10. Bd3 O-O 11. Qe2 Bb7 12. O-O h6 13. Be3 Qc7 14. f4 exf4 15. Bxf4 Ne5 16. Qd2 Kh8 17. Bxh6 gxh6 18. Rxf6 Bxf6 19. Qxh6+ Kg8 20. Qxf6 Ng6 21. Nd4 Qe7 22. Rf1 Rad8 23. Nd5 Bxd5 24. exd5 Qxf6 25. Rxf6 Ne7 26. c4 Rfe8 27. Kf2 Kg7 28. Rf3 Ng6 29. Nf5+ Kf8 30. Rh3 Re5 31. g4 b5 32. axb5 axb5 33. b3 bxc4 34. bxc4 Ra8 35. Be2 Ra2 36. Re3 Nf4 37. Nd4 Rd2 38. Rxe5 dxe5 39. Ke3 Rxd4 40. h4 Ng2+ 41. Kf2 Nxh4 42. Kg3 Ng6 0-1

[Event "V Floripa Open 2019"]
[Site "Florianopolis"]
[Date "2019.01.21"]
[Round "1.51"]
[White "Madeira, Wagner Martins"]
[Black "Setti, Dalmarino"]
[Result "1-0"]
[WhiteElo "2170"]
[BlackElo "1650"]
[PlyCount "73"]
[EventDate "2019.01.21"]
[EventType "swiss"]
[EventRounds "10"]
[EventCountry "BRA"]

1. Nf3 d5 2. g3 Nf6 3. Bg2 e6 4. O-O Be7 5. d3 O-O 6. Nbd2 c5 7. e4 dxe4 8. dxe4 Nc6 9. e5 Nd7 10. Re1 Qc7 11. Qe2 b6 12. c3 Bb7 13. Nf1 Rfd8 14. h4 Nf8 15. h5 h6 16. N1h2 Qd7 17. Bf1 a5 18. Qc2 Rac8 19. Bf4 Nb8 20. Rad1 Qc7 21. Qc1 Rxd1 22. Rxd1 Rd8 23. Re1 Bc6 24. Be2 Qb7 25. Qe3 b5 26. Ng4 Nh7 27. Rd1 Rxd1+ 28. Bxd1 Be4 29. Nd2 Bc6 30. Be2 Nd7 31. Bxh6 Ndf8 32. Bxg7 Kxg7 33. Qh6+ Kg8 34. Nf6+ Bxf6 35. exf6 Nxf6 36. Qxf6 Qd7 37. h6 1-0

[Event "V Floripa Open 2019"]
[Site "Florianopolis"]
[Date "2019.01.21"]
[Round "1.52"]
[White "Pontes Junior, Jacinto"]
[Black "Starke, Bruno Orlando"]
[Result "0-1"]
[WhiteElo "1645"]
[BlackElo "2170"]
[PlyCount "98"]
[EventDate "2019.01.21"]
[EventType "swiss"]
[EventRounds "10"]
[EventCountry "BRA"]

1. Nf3 d5 2. g3 c6 3. Bg2 Bg4 4. d3 Nd7 5. Nbd2 e6 6. c3 Ngf6 7. O-O Be7 8. Re1 O-O 9. a4 a5 10. e4 Nc5 11. e5 Nfd7 12. d4 Nd3 13. Re3 Nxc1 14. Qxc1 b5 15. h4 h6 16. Nh2 Bf5 17. f4 bxa4 18. g4 Bh7 19. g5 hxg5 20. hxg5 Qb6 21. Rh3 Bf5 22. Rh4 Rfb8 23. Qd1 g6 24. Ng4 Bxg4 25. Qxg4 Kg7 26. f5 exf5 27. Qf4 Rh8 28. Re1 Rxh4 29. Qxh4 Rh8 30. Qf4 Nf8 31. e6 fxe6 32. Rxe6 Nxe6 33. Qe5+ Kf7 34. Qxh8 Bxg5 35. Nf3 Bf6 36. Qc8 Qc7 37. Qa8 g5 38. c4 Nf4 39. cxd5 cxd5 40. Ne5+ Bxe5 41. Bxd5+ Nxd5 42. Qxd5+ Kf6 43. dxe5+ Qxe5 44. Qc6+ Kg7 45. Qd7+ Kg6 46. Qc6+ Kh5 47. Qh1+ Kg4 48. Qc6 Qg3+ 49. Kh1 Qf3+ 0-1

[Event "V Floripa Open 2019"]
[Site "Florianopolis"]
[Date "2019.01.21"]
[Round "1.53"]
[White "De Lima, Alexsandro Barros"]
[Black "De Sousa, Alex Aecio"]
[Result "1-0"]
[WhiteElo "2168"]
[BlackElo "1639"]
[PlyCount "69"]
[EventDate "2019.01.21"]
[EventType "swiss"]
[EventRounds "10"]
[EventCountry "BRA"]

1. e4 c5 2. Nf3 g6 3. d4 cxd4 4. Nxd4 Bg7 5. Nc3 Nc6 6. Be3 Nf6 7. Nxc6 bxc6 8. e5 Nd5 9. Nxd5 cxd5 10. Bd4 O-O 11. Qd2 Qc7 12. f4 Bh6 13. g3 d6 14. exd6 Qxd6 15. Bg2 e5 16. Bxe5 Qxe5+ 17. fxe5 Bxd2+ 18. Kxd2 Rb8 19. b3 Be6 20. Rad1 f6 21. exf6 Rxf6 22. Rhf1 Rbf8 23. Rxf6 Rxf6 24. Rf1 Kf7 25. Ke3 Rxf1 26. Bxf1 Bf5 27. Bd3 Ke6 28. Bxf5+ gxf5 29. Kd4 h5 30. h4 a5 31. c4 dxc4 32. bxc4 Kd6 33. c5+ Kc6 34. Kc4 a4 35. a3 1-0

[Event "V Floripa Open 2019"]
[Site "Florianopolis"]
[Date "2019.01.21"]
[Round "1.54"]
[White "Neitzel, Jonatan"]
[Black "Trois, Francisco R.T."]
[Result "1/2-1/2"]
[WhiteElo "1639"]
[BlackElo "2163"]
[PlyCount "71"]
[EventDate "2019.01.21"]
[EventType "swiss"]
[EventRounds "10"]
[EventCountry "BRA"]

1. d4 g6 2. Nf3 Bg7 3. Bf4 Nf6 4. Nc3 d6 5. e4 c6 6. Qd2 Bg4 7. Be2 d5 8. e5 Ne4 9. Nxe4 dxe4 10. Ng5 Bxe2 11. Kxe2 Qd5 12. Qe3 f5 13. exf6 exf6 14. Qxe4+ Kd7 15. Qxd5+ cxd5 16. Nf3 Nc6 17. c3 Rae8+ 18. Kd3 Re4 19. Bd2 Rhe8 20. Rhe1 h5 21. Ng1 b5 22. Re2 b4 23. Rae1 bxc3 24. bxc3 Rxe2 25. Rxe2 Rb8 26. Kc2 Na5 27. Nf3 Nc4 28. Bc1 Bf8 29. Nd2 Nb6 30. h3 Rc8 31. Kb3 a5 32. Kc2 Bd6 33. Nb1 Nc4 34. Nd2 Nb6 35. Nb3 Nc4 36. Nd2 1/2-1/2

[Event "V Floripa Open 2019"]
[Site "Florianopolis"]
[Date "2019.01.21"]
[Round "1.55"]
[White "Filgueiras, Nathan Felipe"]
[Black "Souza, Renato Canil De"]
[Result "1-0"]
[WhiteElo "2161"]
[BlackElo "1639"]
[PlyCount "67"]
[EventDate "2019.01.21"]
[EventType "swiss"]
[EventRounds "10"]
[EventCountry "BRA"]

1. e4 c5 2. Nf3 d6 3. d4 cxd4 4. Nxd4 Nf6 5. Nc3 a6 6. h3 e5 7. Nde2 Be7 8. g4 h6 9. Bg2 Nc6 10. Ng3 g6 11. Be3 Qa5 12. O-O Be6 13. Nd5 Bxd5 14. exd5 Nb8 15. c4 Nbd7 16. a3 Qc7 17. Rc1 b6 18. b4 Rc8 19. Qd2 Ng8 20. Rfd1 Qb8 21. f4 f6 22. Be4 g5 23. fxe5 fxe5 24. Bg6+ Kd8 25. Nf5 Ngf6 26. Ng7 Nf8 27. Bf5 h5 28. c5 bxc5 29. bxc5 Rc7 30. cxd6 Bxd6 31. Bxg5 Ke7 32. Rxc7+ Qxc7 33. Bxf6+ Kxf6 34. Ne8+ 1-0

[Event "V Floripa Open 2019"]
[Site "Florianopolis"]
[Date "2019.01.21"]
[Round "1.56"]
[White "Frattini, Beatriz Maria"]
[Black "Caldeira, Adriano"]
[Result "1/2-1/2"]
[WhiteElo "1638"]
[BlackElo "2157"]
[PlyCount "103"]
[EventDate "2019.01.21"]
[EventType "swiss"]
[EventRounds "10"]
[EventCountry "BRA"]

1. e4 c5 2. Nf3 Nc6 3. d4 cxd4 4. Nxd4 g6 5. Nc3 Bg7 6. Be3 Nf6 7. Bc4 O-O 8. Bb3 a5 9. f3 e6 10. Ndb5 d5 11. Bc5 a4 12. Bxf8 Qxf8 13. exd5 exd5 14. Bxd5 Qc5 15. Bxc6 bxc6 16. Qd8+ Bf8 17. Qxf6 cxb5 18. O-O-O a3 19. b3 Be6 20. Ne4 Qc7 21. Qc3 Qf4+ 22. Qd2 Qh4 23. Kb1 h6 24. g3 Qe7 25. Rhe1 Rc8 26. Qd6 Qb7 27. Qd2 Qc6 28. Nf6+ Kh8 29. Ng4 Qxf3 30. Ne5 Qf6 31. Qf4 Bf5 32. Re2 Bg7 33. Rd6 Be6 34. Qxf6 Bxf6 35. Nxg6+ Kg7 36. Nf4 Bg4 37. Re1 Bc3 38. Rf1 Re8 39. h3 Bf5 40. Nh5+ Kf8 41. g4 Be6 42. Nf4 Ke7 43. Rc6 b4 44. Rd1 Be5 45. Nxe6 fxe6 46. Re1 Kf8 47. c4 bxc3 48. Kc2 Rd8 49. Rd1 Bd4 50. h4 Be5 51. Re1 Bd6 52. Rxe6 1/2-1/2

[Event "V Floripa Open 2019"]
[Site "Florianopolis"]
[Date "2019.01.21"]
[Round "1.57"]
[White "Almeida, Gianluca Jorio"]
[Black "Melo, Danieli De"]
[Result "1-0"]
[WhiteElo "2157"]
[BlackElo "1638"]
[PlyCount "57"]
[EventDate "2019.01.21"]
[EventType "swiss"]
[EventRounds "10"]
[EventCountry "BRA"]

1. c4 e6 2. Nf3 d5 3. e3 Nf6 4. Nc3 Be7 5. b3 O-O 6. Bb2 c5 7. cxd5 exd5 8. d4 b6 9. Be2 Bb7 10. O-O Nc6 11. Na4 Rc8 12. Rc1 Ne4 13. dxc5 bxc5 14. Qd3 Nb4 15. Qb1 f5 16. a3 Na6 17. Rfd1 Nc7 18. Ne5 Ne8 19. f3 Ng5 20. Bd3 g6 21. h4 Ne6 22. h5 Bg5 23. Re1 Bh4 24. hxg6 hxg6 25. Nxg6 Bxe1 26. Rxe1 N8g7 27. Nxf8 Qxf8 28. Be5 Qf7 29. Rc1 1-0